000 00335nam a2200121Ia 4500
008 250110s9999 xx 000 0 und d
041 _aeng
100 _aShah Akshata
_9182642
245 _aNrityangan Classical Dance Academy .--
260 _bBNCA B-Arch ID, Pune
_c2014
300 _a71p
700 _aGuide Name:Sowani Avinash
_9210317
999 _c363509
_d363509